Heimische Vögel - Statistiken

Allgemein
  • Dieses Quiz wurde 1.389 mal gespielt
  • Das Durchschnittsergebnis liegt bei 32 aus 60
Antwortstatistiken
Bildquiz Antwort % Korrekt
Blaumeise
86%
Buntspecht
86%
Amsel
84%
Rotkehlchen
83%
Eisvogel
81%
Fasan
78%
Kohlmeise
77%
Elster
76%
Stockente
72%
Grünspecht
70%
Star
69%
Turmfalke
69%
Ringeltaube
65%
Kuckuck
63%
Schwarzspecht
63%
Graureiher
62%
Eichelhäher
61%
Weißstorch
60%
Schleiereule
59%
Zaunkönig
59%
Graugans
58%
Kranich
58%
Haussperling
56%
Mäusebussard
56%
Waldkauz
56%
Gimpel
55%
Höckerschwan
55%
Kleiber
55%
Haubentaucher
54%
Buchfink
53%
Rabenkrähe
52%
Türkentaube
52%
Kiebitz
50%
Kormoran
50%
Bachstelze
49%
Feldsperling
49%
Grünfink
49%
Lachmöwe
48%
Rauchschwalbe
48%
Rotmilan
48%
Wiedehopf
47%
Pirol
45%
Stieglitz
45%
Turteltaube
45%
Goldammer
44%
Mauersegler
44%
Waldohreule
43%
Blässhuhn
42%
Mehlschwalbe
41%
Nachtigall
39%
Neuntöter
39%
Singdrossel
38%
Feldlerche
37%
Teichhuhn
37%
Schwanzmeise
34%
Mönchsgrasmücke
33%
Zilpzalp
33%
Hausrotschwanz
32%
Reiherente
28%
Teichrohrsänger
24%
Keine übereinstimmenden Quizze gefunden
Verteilung der Resultate
Anzahl Personen mit jedem Resultat
Perzentil nach korrekt beantworteten Fragen
Ihre Resultats-Entwicklung
Sie haben dieses Quiz noch nicht gespielt